Words Within Words 'D' Blitz Quiz Stats

 Plays Quiz Updated Dec 1, 2018

Score 0/30 Timer 01:30
8 Plays Today
% Correct
ear
94.7%
ash
94.6%
ate
94.4%
art
94%
rip
93.9%
rum
93.7%
ice
93.7%
are
93.3%
ark
93.3%
rug
92.3%
evil
91.3%
airy
91.2%
inner
90.8%
read
88.3%
anger
88.2%
% Correct
angle
87.9%
awning
87%
ale
85.6%
aunt
82.9%
ream
80.8%
river
80.4%
elude
78.6%
roll
78.4%
owner
75.9%
our
75.5%
earth
69.1%
umber
56.6%
amply
48.8%
after
39.8%
yes
29.2%

You're not logged in!

Compare scores with friends on all Sporcle quizzes.
OR
Log In

Show Comments

Extras

Top Quizzes Today


Score Distribution

Your Account Isn't Verified!

In order to create a playlist on Sporcle, you need to verify the email address you used during registration. Go to your Sporcle Settings to finish the process.

Report this User

Report this user for behavior that violates our Community Guidelines.

Details: